LEADER 00756nam0-22002771i-450- 001 990005633400403321 005 20080508112908.0 035 $a000563340 035 $aFED01000563340 035 $a(Aleph)000563340FED01 035 $a000563340 100 $a19990604d1960----km-y0itay50------ba 101 0 $afre 105 $ay-------001yy 200 1 $aDictionnaire de la sculpture moderne 210 $aParis$cFernand Hazan$dc1960 215 $a310 p.$d22 cm 610 0 $aScultura$aFrancia$aDizionari 676 $a730.944 801 0$aIT$bUNINA$gRICA$2UNIMARC 901 $aBK 912 $a990005633400403321 952 $a730.944 DIZ 1$bST.ARTE 6381$fFLFBC 959 $aFLFBC 996 $aDictionnaire de la sculpture moderne$960274 997 $aUNINA LEADER 00946cam0-2200337---450- 001 990008690850403321 005 20130516112112.0 010 $a88-8353-095-0 035 $a000869085 035 $aFED01000869085 035 $a(Aleph)000869085FED01 035 $a000869085 100 $a20080723d2001----km-y0itay50------ba 101 0 $aita 102 $aIT 105 $aa-------001yy 200 1 $aPeriferia italiana$fRoberto Bellicini, Richard Ingersoll 210 $aRoma$cMeltemi$dc2001 215 $a118 p.$cill.$d19 cm 225 1 $aBabele$v4 610 0 $aPeriferie$aSistemazione urbanistica$aItalia 676 $a711.40945$v21$zita 700 1$aBellicini,$bLorenzo$0247994 701 1$aIngersoll,$bRichard$038581 801 0$aIT$bUNINA$gREICAT$2UNIMARC 901 $aBK 912 $a990008690850403321 952 $a2365 sez. Andriello$b2365$fDARPU 959 $aDARPU 996 $aPeriferia italiana$9718924 997 $aUNINA